Statistics for Green Lantern colors and meanings

Click here to take the quiz!

General Stats

  • This quiz has been taken 648 times
  • The average score is 7 of 9

Answer Stats

HintAnswer% Correct
yellowfear
93%
pinklove
90%
blackdeath
88%
bluehope
86%
redrage
84%
whitelife
83%
orangegreed
81%
greenwillpower
78%
purplecompassion
63%

Score Distribution

Percentile by Number Answered

Percent of People with Each Score

Your Score History

You have not taken this quiz